| 000 | 00356nam a2200133Ia 4500 | ||
|---|---|---|---|
| 001 | 3472 | ||
| 008 | 241024s9999 xx 000 0 und d | ||
| 082 | _a[*SIN CLASIFICACION*] | ||
| 100 | _aIDEICE | ||
| 245 | 0 | _aPonencias 3er Congreso IDEICE investigación para el cambio 2012 | |
| 260 |
_b2012 _c2012 |
||
| 901 | _a12/11/2013 10:46:55 a.m. | ||
| 999 |
_c12212 _d12212 |
||